[Event "NZL-ch op 127th"]
[Site "Tauranga"]
[Date "2020.01.20"]
[Round "7"]
[White "Yu, Jeffrey"]
[Black "Qin, Nicole Shu Yu"]
[Result "1-0"]
[WhiteElo "1499"]
[BlackElo "1744"]
[PlyCount "73"]
[EventDate "2020.01.14"]
[EventType "swiss"]
[EventRounds "9"]
[EventCountry "NZL"]
[SourceTitle "CBM 194 Extra"]
[Source "ChessBase"]
[SourceDate "2020.03.31"]
[SourceVersion "1"]
[SourceVersionDate "2020.03.31"]
[SourceQuality "1"]

1. e4 c5 2. Nf3 g6 3. d4 cxd4 4. Nxd4 Bg7 5. Be3 Nc6 6. Nc3 Nf6 7. f3 Qb6 8. Nf5 Qxb2 9. Nxg7+ Kf8 10. Kd2 Qb4 11. Bh6 Kg8 12. Bd3 a6 13. Qg1 Ne5 14. Rb1 Qd6 15. Ke2 Nxd3 16. cxd3 b5 17. Qe3 e5 18. Nf5 Qe6 19. Ng7 Qd6 20. Qg5 Bb7 21. Nf5 Qe6 22. Bg7 Nh5 23. Bxh8 Nf4+ 24. Kd2 Kxh8 25. Ne3 f6 26. Qh4 Qd6 27. Ncd5 Bxd5 28. Nxd5 g5 29. Qh6 Ng6 30. Rhc1 Rf8 31. Rb3 Qe6 32. Rbc3 d6 33. Rc7 Qg8 34. Rd7 Rd8 35. Rxd8 Qxd8 36. Rc7 Ne7 37. Qxf6+ 1-0

[Event "NZL-ch op 127th"]
[Site "Tauranga"]
[Date "2020.01.17"]
[Round "4"]
[White "Zhang, Kendrick Botong"]
[Black "Qin, Nicole Shu Yu"]
[Result "1-0"]
[WhiteElo "1551"]
[BlackElo "1744"]
[PlyCount "165"]
[EventDate "2020.01.14"]
[EventType "swiss"]
[EventRounds "9"]
[EventCountry "NZL"]
[SourceTitle "CBM 194 Extra"]
[Source "ChessBase"]
[SourceDate "2020.03.31"]
[SourceVersion "1"]
[SourceVersionDate "2020.03.31"]
[SourceQuality "1"]

1. e4 c5 2. Nf3 g6 3. d4 cxd4 4. Nxd4 Bg7 5. c4 Nc6 6. Be3 Nf6 7. Nc3 0-0 8. Be2 d6 9. 0-0 Bd7 10. b3 Nxd4 11. Bxd4 Bc6 12. Qd3 a5 13. a4 Ne8 14. Bxg7 Nxg7 15. Qe3 f5 16. Bf3 f4 17. Qd3 Ne6 18. Rfd1 Nc5 19. Qc2 Ra6 20. Nb5 Qc8 21. Rab1 Bd7 22. Qd2 Bg4 23. Bxg4 Qxg4 24. f3 Qc8 25. Nd4 Rf6 26. Ne2 Ne6 27. Nc3 Ng5 28. Ne2 e5 29. Nc3 Qc5+ 30. Qf2 Qc6 31. Nd5 Rf7 32. Qh4 Ne6 33. Qf2 g5 34. Kh1 Ra8 35. Rg1 Nd4 36. Qd2 b6 37. Qd1 Raf8 38. Rb2 Kh8 39. Qd2 Qb7 40. Qd1 Qc6 41. Qd3 Qb7 42. Qd1 Qb8 43. Nc3 Qd8 44. Ne2 Nxe2 45. Rxe2 Rf6 46. Rd2 Rh6 47. Re1 g4 48. fxg4 Qh4 49. h3 f3 50. Re3 fxg2+ 51. Kxg2 Rhf6 52. Qe1 Qg5 53. Qg3 Qg7 54. Ree2 Qb7 55. Qe3 R8f7 56. Rf2 Rf4 57. Rxf4 exf4 58. Qf3 Qe7 59. Rf2 Qe5 60. Rd2 Rf6 61. Re2 Kg8 62. Rd2 Kf7 63. Kf2 Qc5+ 64. Kg2 Qe5 65. Kh1 Qa1+ 66. Rd1 Qe5 67. Kg2 Qb2+ 68. Kg1 Qe5 69. Rd5 Qa1+ 70. Kf2 Qb2+ 71. Ke1 Qh2 72. Rf5 Qg1+ 73. Ke2 Qh2+ 74. Qf2 Qg3 75. Qxg3 fxg3 76. Rxf6+ Kxf6 77. Kf3 g2 78. Kxg2 Kg6 79. Kg3 Kg5 80. h4+ Kg6 81. h5+ Kg5 82. Kf3 h6 83. Kg3 1-0

[Event "Auckland North Shore op 45th"]
[Site "Auckland"]
[Date "2018.08.26"]
[Round "4"]
[White "Qin, Nicole Shu Yu"]
[Black "Johns, Daniel"]
[Result "1/2-1/2"]
[WhiteElo "1696"]
[BlackElo "1903"]
[PlyCount "76"]
[EventDate "2018.08.25"]
[EventType "swiss"]
[EventRounds "5"]
[EventCountry "NZL"]
[SourceTitle "EXT 2021"]
[Source "ChessBase"]
[SourceDate "2020.10.23"]
[SourceVersion "1"]
[SourceVersionDate "2020.10.23"]
[SourceQuality "1"]

1. d4 Nf6 2. c4 e6 3. Nc3 d5 4. e3 c5 5. Nf3 Nc6 6. a3 cxd4 7. exd4 a6 8. Bg5 Be7 9. cxd5 Nxd5 10. Bxe7 Ncxe7 11. Be2 0-0 12. 0-0 Nf4 13. Bc4 b5 14. Bb3 Bb7 15. Bc2 Rc8 16. Be4 Ned5 17. Nxd5 Bxd5 18. Bxd5 Nxd5 19. Qd2 Qd6 20. Rfc1 Qf4 21. Qd1 Nb6 22. h3 Rfd8 23. Rxc8 Rxc8 24. Qb3 Rc1+ 25. Rxc1 Qxc1+ 26. Kh2 Qc4 27. Qd1 f6 28. Qe1 Qc6 29. Qe2 Kf7 30. Qd3 g6 31. Qd2 Kg7 32. Qe2 Nd5 33. Qd2 Ne7 34. Qb4 Nd5 35. Qd2 Ne7 36. Qb4 Nf5 37. Qd2 Nd6 38. Qb4 Nf5 1/2-1/2

[Event "Auckland Trusts op 41st"]
[Site "Auckland"]
[Date "2018.06.03"]
[Round "3"]
[White "Dive, Russell John"]
[Black "Qin, Nicole Shu Yu"]
[Result "1-0"]
[WhiteElo "2453"]
[BlackElo "1822"]
[PlyCount "51"]
[EventDate "2018.06.02"]
[EventType "swiss"]
[EventRounds "6"]
[EventCountry "NZL"]
[SourceTitle "EXT 2019"]
[Source "ChessBase"]
[SourceDate "2018.10.10"]
[SourceVersion "1"]
[SourceVersionDate "2018.10.10"]
[SourceQuality "1"]

1. Nf3 e6 2. c4 Nf6 3. g3 d5 4. Bg2 Bd6 5. 0-0 0-0 6. d4 b6 7. Qc2 Nbd7 8. cxd5 exd5 9. Nc3 c6 10. Nh4 Re8 11. e4 dxe4 12. Nxe4 Nb8 13. Bg5 Be7 14. Nxf6+ Bxf6 15. Bxf6 Qxf6 16. Rfe1 Rd8 17. d5 Bb7 18. Qe4 h6 19. Qe7 Rd7 20. Qxf6 gxf6 21. Re8+ Kg7 22. Nf5+ Kh7 23. Ne7 cxd5 24. Bh3 Rc7 25. Bf5+ Kg7 26. Rg8# 1-0

[Event "Auckland Trusts op 41st"]
[Site "Auckland"]
[Date "2018.06.03"]
[Round "4"]
[White "Qin, Nicole Shu Yu"]
[Black "Zhang, Jasmine Haomo"]
[Result "0-1"]
[WhiteElo "1822"]
[BlackElo "1991"]
[PlyCount "58"]
[EventDate "2018.06.02"]
[EventType "swiss"]
[EventRounds "6"]
[EventCountry "NZL"]
[SourceTitle "EXT 2019"]
[Source "ChessBase"]
[SourceDate "2018.10.10"]
[SourceVersion "1"]
[SourceVersionDate "2018.10.10"]
[SourceQuality "1"]

1. d4 d5 2. c4 e6 3. Nc3 Nf6 4. e3 Be7 5. Nf3 Nbd7 6. Qc2 c6 7. Bd3 Qc7 8. 0-0 h6 9. b3 0-0 10. Bb2 Rd8 11. Rac1 Qa5 12. Rfe1 dxc4 13. Bxc4 a6 14. Bd3 c5 15. Na4 cxd4 16. Nxd4 e5 17. Nf5 Bb4 18. Red1 b5 19. Nc3 Bb7 20. a4 Rac8 21. axb5 axb5 22. Ng3 Nd5 23. Nge2 Nxc3 24. Bxc3 Bxc3 25. Nxc3 b4 26. Ra1 Qc5 27. Bc4 bxc3 28. Qf5 Nf6 29. Rdc1 Be4 0-1

[Event "Auckland North Shore op 44th"]
[Site "Auckland"]
[Date "2017.08.26"]
[Round "2"]
[White "Johns, Daniel"]
[Black "Qin, Nicole Shu Yu"]
[Result "1-0"]
[WhiteElo "1909"]
[BlackElo "1551"]
[PlyCount "61"]
[EventDate "2017.08.26"]
[EventType "swiss"]
[EventRounds "5"]
[EventCountry "NZL"]
[SourceTitle "CBM 180 Extra"]
[Source "ChessBase"]
[SourceDate "2017.10.06"]
[SourceVersion "1"]
[SourceVersionDate "2017.10.06"]
[SourceQuality "1"]

1. e4 e6 2. d4 d5 3. Nd2 c5 4. exd5 Qxd5 5. Ngf3 Nc6 6. Bc4 Qd8 7. Nb3 cxd4 8. Nbxd4 Bd7 9. 0-0 Nxd4 10. Nxd4 Qc7 11. Qe2 Nf6 12. c3 a6 13. Bb3 Bd6 14. Nf3 0-0 15. Bg5 Nd5 16. Rad1 Bc6 17. h3 Nf4 18. Bxf4 Bxf4 19. Rd4 Rad8 20. Rfd1 Rxd4 21. Nxd4 Re8 22. Nxc6 Qxc6 23. Rd4 e5 24. Rc4 Qd7 25. g3 Bg5 26. Rc5 Bf6 27. Rd5 Qxh3 28. Qc4 e4 29. Re5 Rf8 30. Qxf7+ Rxf7 31. Re8# 1-0

[Event "Waitakere Trusts op 40th"]
[Site "Waitakere"]
[Date "2017.06.03"]
[Round "2"]
[White "Qin, Nicole Shu Yu"]
[Black "Zhang, Jasmine Haomo"]
[Result "0-1"]
[WhiteElo "1488"]
[BlackElo "1861"]
[PlyCount "92"]
[EventDate "2017.06.03"]
[EventType "swiss"]
[EventRounds "6"]
[EventCountry "NZL"]
[SourceTitle "EXT 2018"]
[Source "ChessBase"]
[SourceDate "2017.10.13"]
[SourceVersion "1"]
[SourceVersionDate "2017.10.13"]
[SourceQuality "1"]

1. d4 d5 2. c4 e6 3. Nc3 Nf6 4. Nf3 Be7 5. Bf4 a6 6. e3 Nbd7 7. Qc2 c5 8. Ne5 0-0 9. Bd3 dxc4 10. Nxc4 b5 11. Ne5 Bb7 12. 0-0 cxd4 13. exd4 Nb6 14. Rad1 Nbd5 15. Nxd5 Qxd5 16. Nf3 Qxa2 17. Ra1 Qd5 18. Rfe1 Rac8 19. Qb1 h6 20. Be5 Qd7 21. Bxf6 Bxf6 22. Be4 Rfd8 23. Bxb7 Qxb7 24. Rd1 Qb6 25. Qa2 Bxd4 26. Rxd4 Rxd4 27. Nxd4 Qxd4 28. Qxa6 Rc2 29. Rf1 Rxb2 30. Qa8+ Kh7 31. Qf3 Qf6 32. Qd3+ g6 33. g3 b4 34. h4 Kg7 35. Qc4 Qc3 36. Qf4 e5 37. Qe4 Rc2 38. Re1 b3 39. Re3 Qb2 40. Qd5 Rxf2 41. Rxb3 Qe2 42. Rb1 Rf3 43. Qc6 Rxg3+ 44. Kh1 Rh3+ 45. Kg1 Qh2+ 46. Kf1 Qh1+ 0-1

[Event "Auckland ANZAC op"]
[Site "Auckland"]
[Date "2017.04.22"]
[Round "2"]
[White "Qin, Nicole Shu Yu"]
[Black "Barry, Jacob"]
[Result "1-0"]
[WhiteElo "1493"]
[BlackElo "1227"]
[PlyCount "71"]
[EventDate "2017.04.22"]
[EventType "swiss"]
[EventRounds "6"]
[EventCountry "NZL"]
[SourceTitle "CBM 178 Extra"]
[Source "ChessBase"]
[SourceDate "2017.06.22"]
[SourceVersion "1"]
[SourceVersionDate "2017.06.22"]
[SourceQuality "1"]

1. d4 Nf6 2. c4 e6 3. Nc3 Bb4 4. Qc2 0-0 5. Nf3 d5 6. cxd5 exd5 7. Bg5 c5 8. Rd1 Nc6 9. e3 Re8 10. Be2 Qd6 11. Bf4 Qe6 12. 0-0 a6 13. dxc5 d4 14. Nxd4 Nxd4 15. Rxd4 Bxc5 16. Rdd1 Bb4 17. a3 Bxc3 18. Qxc3 Nd5 19. Qd4 Nxf4 20. Qxf4 Qf5 21. Qd4 Qg6 22. Bf3 Be6 23. Bxb7 Rab8 24. Be4 Qg5 25. b4 Rbd8 26. Qb6 Bg4 27. Rxd8 Rxd8 28. Qxa6 g6 29. Qc4 Rc8 30. Qb3 Be6 31. Qb2 Rc4 32. Bf3 Rh4 33. Rd1 h6 34. b5 Bf5 35. b6 Qe7 36. b7 1-0

[Event "Oceania zt 3.6 (Women)"]
[Site "Auckland"]
[Date "2017.01.19"]
[Round "8"]
[White "Qin, Nicole Shu Yu"]
[Black "Qin, Joy Shu Yan"]
[Result "1/2-1/2"]
[WhiteElo "1327"]
[BlackElo "1708"]
[PlyCount "30"]
[EventDate "2017.01.14"]
[EventType "swiss"]
[EventRounds "9"]
[EventCountry "NZL"]
[SourceTitle "CBM 176 Extra"]
[Source "ChessBase"]
[SourceDate "2017.03.02"]
[SourceVersion "1"]
[SourceVersionDate "2017.03.02"]
[SourceQuality "1"]

1. d4 d5 2. c4 e6 3. Nc3 c5 4. cxd5 exd5 5. dxc5 d4 6. Ne4 Bxc5 7. Qa4+ Bd7 8. Qc4 Be7 9. Qxd4 Nf6 10. Nxf6+ Bxf6 11. Qd1 Nc6 12. Nf3 Qb6 13. e3 Bxb2 14. Bxb2 Qxb2 15. Be2 Qc3+ 1/2-1/2

[Event "Oceania zt 3.6 (Women)"]
[Site "Auckland"]
[Date "2017.01.17"]
[Round "6"]
[White "Qin, Nicole Shu Yu"]
[Black "Yao, Licia"]
[Result "1-0"]
[WhiteElo "1327"]
[BlackElo "1687"]
[PlyCount "75"]
[EventDate "2017.01.14"]
[EventType "swiss"]
[EventRounds "9"]
[EventCountry "NZL"]
[SourceTitle "CBM 176 Extra"]
[Source "ChessBase"]
[SourceDate "2017.03.02"]
[SourceVersion "1"]
[SourceVersionDate "2017.03.02"]
[SourceQuality "1"]

1. d4 d5 2. c4 e6 3. Nc3 Nf6 4. Nf3 Be7 5. e3 0-0 6. Bd3 Nbd7 7. 0-0 b6 8. Qc2 Bb7 9. e4 dxe4 10. Nxe4 h6 11. Be3 Qc8 12. h3 c5 13. Nfd2 cxd4 14. Bxd4 Rd8 15. Nxf6+ Nxf6 16. Bc3 Qc6 17. Nf3 Nh5 18. Rfe1 Nf4 19. Be4 Qc8 20. Ne5 Bf6 21. Bh7+ Kf8 22. Bb4+ Be7 23. Bxe7+ Kxe7 24. Be4 Rd4 25. Rad1 Bxe4 26. Rxe4 Rxd1+ 27. Qxd1 Qc7 28. Rxf4 Qxe5 29. Qf3 Rf8 30. Qa3+ Ke8 31. Rf3 Qe1+ 32. Kh2 Qe5+ 33. g3 Qe2 34. Qa4+ Kd8 35. Qb3 Kc7 36. Qa3 Rd8 37. Qxa7+ Kc8 38. Rxf7 1-0

[Event "Oceania zt 3.6 (Women)"]
[Site "Auckland"]
[Date "2017.01.15"]
[Round "3"]
[White "Punsalan, Vyanla M"]
[Black "Qin, Nicole Shu Yu"]
[Result "1/2-1/2"]
[WhiteElo "1782"]
[BlackElo "1327"]
[PlyCount "80"]
[EventDate "2017.01.14"]
[EventType "swiss"]
[EventRounds "9"]
[EventCountry "NZL"]
[SourceTitle "EXT 2018"]
[Source "ChessBase"]
[SourceDate "2017.10.13"]
[SourceVersion "1"]
[SourceVersionDate "2017.10.13"]
[SourceQuality "1"]

1. e4 e6 2. Nf3 d5 3. exd5 exd5 4. d4 Nf6 5. Bd3 Bd6 6. 0-0 0-0 7. Bg5 h6 8. Bh4 Be6 9. Nbd2 c6 10. Rc1 Nbd7 11. Re1 Qb6 12. c3 c5 13. b3 Rac8 14. Bg3 Bxg3 15. hxg3 c4 16. bxc4 dxc4 17. Bb1 Qc7 18. Qc2 Rfe8 19. Ne5 Nf8 20. Ne4 Nxe4 21. Qxe4 Rcd8 22. Qh4 b5 23. Re3 Nd7 24. Rce1 Nf6 25. g4 Nd5 26. Rf3 f6 27. g5 fxg5 28. Qe4 Nf6 29. Qg6 Bf7 30. Qc2 Bd5 31. Rg3 Bf7 32. Ree3 a5 33. Ng4 Be6 34. Nxf6+ gxf6 35. Qe2 Bf7 36. Qc2 Be6 37. d5 Rxd5 38. Qg6+ Kf8 39. Qxf6+ Qf7 40. Qxh6+ Qg7 1/2-1/2

[Event "Oceania zt 3.6 (Women)"]
[Site "Auckland"]
[Date "2017.01.14"]
[Round "1"]
[White "Chibnall, Alana"]
[Black "Qin, Nicole Shu Yu"]
[Result "1-0"]
[WhiteElo "1842"]
[BlackElo "1327"]
[PlyCount "95"]
[EventDate "2017.01.14"]
[EventType "swiss"]
[EventRounds "9"]
[EventCountry "NZL"]
[SourceTitle "EXT 2018"]
[Source "ChessBase"]
[SourceDate "2017.10.13"]
[SourceVersion "1"]
[SourceVersionDate "2017.10.13"]
[SourceQuality "1"]

1. e4 e6 2. Qe2 d5 3. exd5 Qxd5 4. Nc3 Qd8 5. Nf3 Nc6 6. d3 Nf6 7. g3 b6 8. Bg2 Bb7 9. 0-0 Bd6 10. Re1 0-0 11. Ne4 Be7 12. c3 Qd7 13. Nxf6+ Bxf6 14. d4 Ne7 15. g4 Ng6 16. g5 Be7 17. Be3 Rab8 18. Rad1 Qc8 19. c4 Rd8 20. Rd3 Ba6 21. Rdd1 c5 22. b3 cxd4 23. Bxd4 Bc5 24. Ba1 Qc7 25. Ne5 Nf4 26. Qb2 Bf8 27. Bf1 Bb7 28. Qc1 Ng6 29. Bd3 Bd6 30. Bxg6 hxg6 31. f3 Bxe5 32. Bxe5 Qc5+ 33. Kg2 Rbc8 34. h4 Qe7 35. Qc3 Qf8 36. Kg3 Kh7 37. Rh1 Rxd1 38. Rxd1 Bc6 39. Qd4 Kg8 40. Bd6 Qe8 41. b4 Rd8 42. c5 b5 43. Qe5 a6 44. Rh1 Qd7 45. h5 Qb7 46. h6 f6 47. Qxe6+ Qf7 48. h7+ 1-0

[Event "NZL-ch Major op"]
[Site "Devonport"]
[Date "2016.01.08"]
[Round "7"]
[White "Zhang, Leo Li Ao"]
[Black "Qin, Nicole Shu Yu"]
[Result "1/2-1/2"]
[WhiteElo "1361"]
[BlackElo "1329"]
[PlyCount "123"]
[EventDate "2016.01.02"]
[EventType "swiss"]
[EventRounds "9"]
[EventCountry "NZL"]
[SourceTitle "EXT 2018"]
[Source "ChessBase"]
[SourceDate "2017.10.13"]
[SourceVersion "1"]
[SourceVersionDate "2017.10.13"]
[SourceQuality "1"]

1. d4 e6 2. Nf3 Nf6 3. Bf4 c5 4. c3 b6 5. e3 Bb7 6. Nbd2 Be7 7. Bd3 Nc6 8. h3 0-0 9. 0-0 h6 10. Re1 Re8 11. Qc2 cxd4 12. exd4 Bf8 13. Ne4 Nxe4 14. Bxe4 f5 15. Bd3 Ne7 16. Be2 Nd5 17. Bh2 Nf6 18. Red1 d5 19. Ne5 Bd6 20. Bb5 Rf8 21. Bc6 Bxc6 22. Nxc6 Bxh2+ 23. Kxh2 Qc7+ 24. Ne5 Nd7 25. f4 Nxe5 26. fxe5 Qe7 27. Rf1 Rf7 28. Rf3 Raf8 29. Raf1 Qc7 30. Qe2 Qb7 31. a4 a6 32. Ra1 Rc7 33. Ra3 Ra8 34. Rb3 Qc6 35. Ra3 Rb7 36. Rf2 b5 37. axb5 Rxb5 38. Qc2 Rbb8 39. Qa4 Qc7 40. Rb3 Rxb3 41. Qxb3 g5 42. Qa2 f4 43. g3 fxg3+ 44. Kxg3 Kg7 45. Rf6 Qc6 46. Qa3 Qd7 47. Kg4 a5 48. Kh5 Qe8+ 49. Kg4 Qd7 50. Kh5 Qe8+ 51. Kg4 Qd7 52. h4 gxh4 53. Kxh4 Qd8 54. Kg4 Ra6 55. Qa4 Ra7 56. Kh5 Rf7 57. Rxf7+ Kxf7 58. Kg4 Qg5+ 59. Kf3 Qf5+ 60. Ke3 Qg5+ 61. Kd3 Qd8 62. Qd1 1/2-1/2